{"text_format":"3","workbook":"xlsx","n_sheets":1,"sheets":["t228"],"read":"whole","date_system":"1900"}

{"sheet":"t228","index":0,"n_rows":137,"n_cols":7,"rows_kept":137,"merged":[[0,0,0,6],[30,0,30,5],[41,0,41,5],[132,0,132,5]]}
["TABELA 228.1 - Estatísticas Agrícolas, Município de Igaraçu do Tietê, Estado de São Paulo, 2007/08."]
["ITEM","UNIDADE","N.DE UPAs","MÍNIMO","MÉDIO","MÁXIMO","TOTAL"]
["Distância à sede do município","km",182,{"v":1,"d":"1.0"},{"v":6.65,"d":"6.7"},{"v":14,"d":"14.0"},"-"]
["Área total","hectare",182,1.3,{"v":44.48,"d":"44.5"},{"v":1483.5,"d":"1,483.5"},{"v":8095.9,"d":"8,095.9"}]
["Área com cultura perene","hectare","-","-","-","-",{"v":0,"d":"0.0"}]
["Área com cultura temporária","hectare",178,{"v":1,"d":"1.0"},{"v":40.97,"d":"41.0"},{"v":1315.7,"d":"1,315.7"},{"v":7292.7,"d":"7,292.7"}]
["Área com pastagem","hectare",27,0.3,{"v":3.96,"d":"4.0"},{"v":20,"d":"20.0"},106.8]
["Área com reflorestamento","hectare","-","-","-","-",{"v":0,"d":"0.0"}]
["Área com vegetação natural","hectare",20,0.2,4.1,44.3,{"v":82,"d":"82.0"}]
["Área com vegetação de brejo e várzea","hectare",3,0.4,2.3,{"v":6,"d":"6.0"},6.9]
["Área em descanso","hectare",18,0.1,{"v":2.72,"d":"2.7"},{"v":15,"d":"15.0"},{"v":49,"d":"49.0"}]
["Área complementar","hectare",124,0.1,4.5,155.8,558.5]
["Área das UPAs com (0, 1] ha","hectare","-","-","-","-","-"]
["Área das UPAs com (1, 2] ha","hectare",4,1.3,1.7,{"v":2,"d":"2.0"},6.8]
["Área das UPAs com (2, 5] ha","hectare",26,2.3,{"v":3.67,"d":"3.7"},{"v":5,"d":"5.0"},95.5]
["Área das UPAs com (5, 10] ha","hectare",38,5.3,{"v":7.85,"d":"7.9"},{"v":10,"d":"10.0"},298.3]
["Área das UPAs com (10, 20] ha","hectare",61,10.3,{"v":14.25,"d":"14.3"},{"v":20,"d":"20.0"},869.5]
["Área das UPAs com (20, 50] ha","hectare",38,20.2,{"v":30.37,"d":"30.4"},{"v":44,"d":"44.0"},{"v":1153.9,"d":"1,153.9"}]
["Área das UPAs com (50, 100] ha","hectare",5,50.2,{"v":57.54,"d":"57.5"},73.4,287.7]
["Área das UPAs com (100, 200] ha","hectare",3,{"v":166,"d":"166.0"},{"v":176.23,"d":"176.2"},184.2,528.7]
["Área das UPAs com (200, 500] ha","hectare",4,281.9,{"v":305.15,"d":"305.2"},342.1,{"v":1220.6,"d":"1,220.6"}]
["Área das UPAs com (500, 1.000] ha","hectare",1,845.2,845.2,845.2,845.2]
["Área das UPAs com (1.000, 2.000] ha","hectare",2,{"v":1306.2,"d":"1,306.2"},{"v":1394.85,"d":"1,394.9"},{"v":1483.5,"d":"1,483.5"},{"v":2789.7,"d":"2,789.7"}]
["Área das UPAs com (2.000, 5.000] ha","hectare","-","-","-","-","-"]
["Área das UPAs com (5.000, 10.000] ha","hectare","-","-","-","-","-"]
["Área das UPAs acima de 10.000 ha","hectare","-","-","-","-","-"]
["Familiares do proprietário que trabalham na UPA","unidade",111,{"v":1,"d":"1.0"},{"v":1.32,"d":"1.3"},{"v":5,"d":"5.0"},{"v":146,"d":"146.0"}]
["Trabalhadores permanentes","unidade",51,{"v":1,"d":"1.0"},{"v":3.43,"d":"3.4"},{"v":32,"d":"32.0"},{"v":175,"d":"175.0"}]
["Fonte: Secretaria de Agricultura e Abastecimento, CDRS/IEA, Projeto LUPA."]
[]
["TABELA 228.2 - Explorações Animais, Município de Igaraçu do Tietê, Estado de São Paulo, 2007/08."]
["ITEM","UNIDADE","N.DE UPAs","MÍNIMO","MÉDIO","MÁXIMO","TOTAL"]
["Avicultura de Corte","cabeças/ano",2,{"v":60000,"d":"60,000.0"},{"v":60000,"d":"60,000.0"},{"v":60000,"d":"60,000.0"},{"v":120000,"d":"120,000.0"}]
["Bovinocultura de Corte","cabeças",8,{"v":2,"d":"2.0"},{"v":5.75,"d":"5.8"},{"v":12,"d":"12.0"},{"v":46,"d":"46.0"}]
["Bovinocultura Mista","cabeças",1,{"v":6,"d":"6.0"},{"v":6,"d":"6.0"},{"v":6,"d":"6.0"},{"v":6,"d":"6.0"}]
["Caprinocultura","cabeças",1,{"v":20,"d":"20.0"},{"v":20,"d":"20.0"},{"v":20,"d":"20.0"},{"v":20,"d":"20.0"}]
["Equinocultura","cabeças",3,{"v":3,"d":"3.0"},{"v":17.67,"d":"17.7"},{"v":47,"d":"47.0"},{"v":53,"d":"53.0"}]
["Piscicultura","m² tanques",1,{"v":3000,"d":"3,000.0"},{"v":3000,"d":"3,000.0"},{"v":3000,"d":"3,000.0"},{"v":3000,"d":"3,000.0"}]
["Suinocultura","cabeças",7,{"v":4,"d":"4.0"},{"v":9.43,"d":"9.4"},{"v":22,"d":"22.0"},{"v":66,"d":"66.0"}]
["Fonte: Secretaria de Agricultura e Abastecimento, CDRS/IEA, Projeto LUPA."]
[]
["TABELA 228.3 -  Máquinas, Implementos e Benfeitorias, Município de Igaraçu do Tietê, Estado de São Paulo, 2007/08."]
["ITEM","UNIDADE","N.DE UPAs","MÍNIMO","MÉDIO","MÁXIMO","TOTAL"]
["Arado Escarificador","Unidade",38,{"v":1,"d":"1.0"},{"v":1.03,"d":"1.0"},{"v":2,"d":"2.0"},{"v":39,"d":"39.0"}]
["Arado Subsolador","Unidade",34,{"v":1,"d":"1.0"},{"v":1.06,"d":"1.1"},{"v":2,"d":"2.0"},{"v":36,"d":"36.0"}]
["Batedeira de Cereais","Unidade",2,{"v":1,"d":"1.0"},{"v":1,"d":"1.0"},{"v":1,"d":"1.0"},{"v":2,"d":"2.0"}]
["Carregadeira de Cana","Unidade",13,{"v":1,"d":"1.0"},{"v":1.08,"d":"1.1"},{"v":2,"d":"2.0"},{"v":14,"d":"14.0"}]
["Colhedeira Acoplada","Unidade",1,{"v":1,"d":"1.0"},{"v":1,"d":"1.0"},{"v":1,"d":"1.0"},{"v":1,"d":"1.0"}]
["Conj.Irrigação Autopropelido","Unidade",1,{"v":1,"d":"1.0"},{"v":1,"d":"1.0"},{"v":1,"d":"1.0"},{"v":1,"d":"1.0"}]
["Conj.Irrigação Convencional","Unidade",1,{"v":3,"d":"3.0"},{"v":3,"d":"3.0"},{"v":3,"d":"3.0"},{"v":3,"d":"3.0"}]
["Conj.Irrigação/Gotejamento/Microaspersão","Unidade",3,{"v":1,"d":"1.0"},{"v":1,"d":"1.0"},{"v":1,"d":"1.0"},{"v":3,"d":"3.0"}]
["Desintegrador, Picador, Triturador","Unidade",3,{"v":1,"d":"1.0"},{"v":1.33,"d":"1.3"},{"v":2,"d":"2.0"},{"v":4,"d":"4.0"}]
["Ensiladeira","Unidade",1,{"v":1,"d":"1.0"},{"v":1,"d":"1.0"},{"v":1,"d":"1.0"},{"v":1,"d":"1.0"}]
["Microtrator","Unidade",1,{"v":1,"d":"1.0"},{"v":1,"d":"1.0"},{"v":1,"d":"1.0"},{"v":1,"d":"1.0"}]
["Misturador de Ração","Unidade",1,{"v":1,"d":"1.0"},{"v":1,"d":"1.0"},{"v":1,"d":"1.0"},{"v":1,"d":"1.0"}]
["Pulverizador Tratorizado","Unidade",14,{"v":1,"d":"1.0"},{"v":1,"d":"1.0"},{"v":1,"d":"1.0"},{"v":14,"d":"14.0"}]
["Resfriador de Leite, Tanque Expansão","Unidade",1,{"v":1,"d":"1.0"},{"v":1,"d":"1.0"},{"v":1,"d":"1.0"},{"v":1,"d":"1.0"}]
["Semeadeira/Plantadeira Plantio Direto","Unidade",3,{"v":1,"d":"1.0"},{"v":1,"d":"1.0"},{"v":1,"d":"1.0"},{"v":3,"d":"3.0"}]
["Terraceador","Unidade",6,{"v":1,"d":"1.0"},{"v":1,"d":"1.0"},{"v":1,"d":"1.0"},{"v":6,"d":"6.0"}]
["Trator de Esteiras","Unidade",3,{"v":1,"d":"1.0"},{"v":1.33,"d":"1.3"},{"v":2,"d":"2.0"},{"v":4,"d":"4.0"}]
["Trator de Pneus","Unidade",40,{"v":1,"d":"1.0"},{"v":1.63,"d":"1.6"},{"v":8,"d":"8.0"},{"v":65,"d":"65.0"}]
["Açude/Represa","Unidade",10,{"v":1,"d":"1.0"},1.4,{"v":5,"d":"5.0"},{"v":14,"d":"14.0"}]
["Almoxarifado/Oficina","Unidade",3,{"v":1,"d":"1.0"},{"v":1,"d":"1.0"},{"v":1,"d":"1.0"},{"v":3,"d":"3.0"}]
["Armazém para Grãos Ensacados","Sacas",1,{"v":5000,"d":"5,000.0"},{"v":5000,"d":"5,000.0"},{"v":5000,"d":"5,000.0"},{"v":5000,"d":"5,000.0"}]
["Balança para Bovinos","Unidade",1,{"v":1,"d":"1.0"},{"v":1,"d":"1.0"},{"v":1,"d":"1.0"},{"v":1,"d":"1.0"}]
["Balança para Veículos","Unidade",1,{"v":1,"d":"1.0"},{"v":1,"d":"1.0"},{"v":1,"d":"1.0"},{"v":1,"d":"1.0"}]
["Barracão para Granja/Avicultura","Unidade",3,{"v":1,"d":"1.0"},{"v":1,"d":"1.0"},{"v":1,"d":"1.0"},{"v":3,"d":"3.0"}]
["Barracão/Galpão/Garagem","Unidade",21,{"v":1,"d":"1.0"},{"v":1.24,"d":"1.2"},{"v":3,"d":"3.0"},{"v":26,"d":"26.0"}]
["Casa de Moradia Habitada","Unidade",50,{"v":1,"d":"1.0"},{"v":2.14,"d":"2.1"},{"v":18,"d":"18.0"},{"v":107,"d":"107.0"}]
["Casa de Moradia Total","Unidade",66,{"v":1,"d":"1.0"},{"v":2.44,"d":"2.4"},{"v":27,"d":"27.0"},{"v":161,"d":"161.0"}]
["Curral/Mangueira","Unidade",16,{"v":1,"d":"1.0"},{"v":1.19,"d":"1.2"},{"v":3,"d":"3.0"},{"v":19,"d":"19.0"}]
["Depósito/Tulha","Unidade",33,{"v":1,"d":"1.0"},{"v":1.03,"d":"1.0"},{"v":2,"d":"2.0"},{"v":34,"d":"34.0"}]
["Engenho","Unidade",1,{"v":1,"d":"1.0"},{"v":1,"d":"1.0"},{"v":1,"d":"1.0"},{"v":1,"d":"1.0"}]
["Estábulo","Unidade",1,{"v":1,"d":"1.0"},{"v":1,"d":"1.0"},{"v":1,"d":"1.0"},{"v":1,"d":"1.0"}]
["Estufa/Plasticultura","m²",1,{"v":210,"d":"210.0"},{"v":210,"d":"210.0"},{"v":210,"d":"210.0"},{"v":210,"d":"210.0"}]
["Instalações para Equinos","Unidade",5,{"v":1,"d":"1.0"},2.8,{"v":8,"d":"8.0"},{"v":14,"d":"14.0"}]
["Pocilga","Unidade",9,{"v":1,"d":"1.0"},{"v":1.11,"d":"1.1"},{"v":2,"d":"2.0"},{"v":10,"d":"10.0"}]
["Poço Semi-Artesiano","Unidade",35,{"v":1,"d":"1.0"},{"v":1,"d":"1.0"},{"v":1,"d":"1.0"},{"v":35,"d":"35.0"}]
["Posto Meteorológico","Unidade",1,{"v":1,"d":"1.0"},{"v":1,"d":"1.0"},{"v":1,"d":"1.0"},{"v":1,"d":"1.0"}]
["Silo para Grãos","t",1,{"v":180,"d":"180.0"},{"v":180,"d":"180.0"},{"v":180,"d":"180.0"},{"v":180,"d":"180.0"}]
["Terreiro","m²",21,{"v":100,"d":"100.0"},{"v":1528.57,"d":"1,528.6"},{"v":15000,"d":"15,000.0"},{"v":32100,"d":"32,100.0"}]
["Fonte: Secretaria de Agricultura e Abastecimento, CDRS/IEA, Projeto LUPA."]
[]
["TABELA 228.4 - Outras Estatísticas Agrícolas, Município de Igaraçu do Tietê, Estado de São Paulo, 2007/08."]
["ITEM","Número de UPAs",null,"Percentual"]
["Faz Parte de Associação de Produtores",162,null,{"v":89.01098901098901,"d":"89.0"}]
["Faz Parte de Cooperativa de Produtores",167,null,{"v":91.75824175824175,"d":"91.8"}]
["Faz Parte do Sindicato de Produtores",37,null,{"v":20.32967032967033,"d":"20.3"}]
["Não utiliza assistência técnica ",19,null,{"v":10.43956043956044,"d":"10.4"}]
["Utiliza somente assistência técnica governamental ",5,null,{"v":2.7472527472527473,"d":"2.7"}]
["Utiliza somente assistência técnica privada ",24,null,{"v":13.186813186813186,"d":"13.2"}]
["Utiliza assistência técnica tanto governamental quanto privada",134,null,{"v":73.62637362637362,"d":"73.6"}]
["Utiliza Crédito Rural",4,null,{"v":2.1978021978021975,"d":"2.2"}]
["Utiliza Seguro Rural","-",null,"-"]
["Utiliza Escrituração Agrícola",169,null,{"v":92.85714285714286,"d":"92.9"}]
["Acessa Internet p/ Fins na Agropecuária","-",null,"-"]
["Utiliza Computador nas Atividades Agropecuárias",3,null,{"v":1.6483516483516483,"d":"1.6"}]
["Utiliza Energia Elétrica Para Uso na Atividade Agrícola",112,null,{"v":61.53846153846153,"d":"61.5"}]
["Realiza Análise de Solo, quando necessário","-",null,"-"]
["Utiliza Práticas de Conservação de Solo, quando necessário",175,null,{"v":96.15384615384615,"d":"96.2"}]
["Faz Adubação Mineral, quando necessário",92,null,{"v":50.54945054945055,"d":"50.5"}]
["Faz Adubação Orgânica, quando necessário",2,null,{"v":1.0989010989010988,"d":"1.1"}]
["Faz Adubação Verde, quando necessário",2,null,{"v":1.0989010989010988,"d":"1.1"}]
["Utiliza Manejo Integrado de Pragas (MIP)","-",null,"-"]
["Utiliza Hidroponia","-",null,"-"]
["Utiliza Plasticultura",1,null,{"v":0.5494505494505494,"d":"0.5"}]
["Utiliza Mudas Fiscalizadas",17,null,{"v":9.340659340659341,"d":"9.3"}]
["Utiliza Semente Melhorada",2,null,{"v":1.0989010989010988,"d":"1.1"}]
["Faz Confinamento de Bovinos","-",null,"-"]
["Utiliza Pastejo Intensivo",1,null,{"v":0.5494505494505494,"d":"0.5"}]
["Faz Inseminação Artificial","-",null,"-"]
["Faz Mineralização do Rebanho","-",null,"-"]
["Faz Vermifugação do Rebanho",1,null,{"v":0.5494505494505494,"d":"0.5"}]
["Possui Parceiros /Arrendatários na Exploração Animal",6,null,{"v":3.2967032967032965,"d":"3.3"}]
["Esporte e lazer","-",null,"-"]
["Extração mineral","-",null,"-"]
["Hotel Fazenda, Pousada ou SPA","-",null,"-"]
["Pesque-pague","-",null,"-"]
["Restaurante ou Lanchonete","-",null,"-"]
["Transformação artesanal","-",null,"-"]
["Turismo rural ou ecoturismo","-",null,"-"]
["Outras atividades econômicas rurais","-",null,"-"]
["Agroindústria","-",null,"-"]
["Proprietário sem instrução ou com instrução incompleta","-",null,"-"]
["Proprietário com antigo primário completo",75,null,{"v":41.208791208791204,"d":"41.2"}]
["Proprietário com 1° grau (ou antigo ginasial) completo",58,null,{"v":31.86813186813187,"d":"31.9"}]
["Proprietário com 2° grau (ou antigo colegial) completo",13,null,{"v":7.142857142857143,"d":"7.1"}]
["Proprietário com curso superior completo ",36,null,{"v":19.780219780219777,"d":"19.8"}]
["Pessoa Jurídica","-",null,"-"]
["Proprietário residente na própria UPA ",6,null,{"v":3.2967032967032965,"d":"3.3"}]
["Fonte: Secretaria de Agricultura e Abastecimento, CDRS/IEA, Projeto LUPA."]
[]
["TABELA 228.5 - Área Cultivada, Município de Igaraçu do Tietê, Estado de São Paulo, 2007/08."]
["CULTURA","N.DE UPAs","MÍNIMO","MÉDIO","MÁXIMO","TOTAL"]
["Cana-de-acucar",178,{"v":1,"d":"1.0"},{"v":40.99,"d":"41.0"},{"v":1315.7,"d":"1,315.7"},{"v":7296.9,"d":"7,296.9"}]
["Braquiaria",27,0.3,{"v":3.96,"d":"4.0"},{"v":20,"d":"20.0"},106.8]
["Fonte: Secretaria de Agricultura e Abastecimento, CDRS/IEA, Projeto LUPA."]